Cyclisme : Les combatifs du Tour de France 2025 - Statistiques

Statistiques générales
  • Ce quiz a été pris 138 fois
    101 depuis la dernière actualisation
  • Le résultat moyen est 11 sur 21
Statistiques - réponses
Étape Ville départ Ville Arrivée Profil Réponse % Correct
6 Bayeux Vire Accidentée Ben Healy
99%
10 Ennezat Le Mont-Dore Puy de Sancy Montagne Ben Healy
99%
16 Montpellier Mont Ventoux Montagne Ben Healy
99%
Première Semaine / / / Mathieu Van Der Poel
79%
19 Albertville La Plagne Montagne Thymen Arensman
74%
11 Toulouse Toulouse Plat Jonas Abrahamsen
63%
1 Lille Métropole Lille Métropole Plat Matteo Vercher
60%
8 Saint-Méen-le-Grand Laval Plat Matteo Vercher
60%
18 Vif Courchevel Col de la Loze Montagne Ben O’Connor
54%
9 Chinon Châteauroux Plat Jonas Rickaert
49%
4 Amiens Métropole Rouen Accidentée Lenny Martinez
49%
14 Pau Luchon-Superbagnères Montagne Lenny Martinez
49%
2 Lauwin-Planque Boulogne-sur-Mer Accidentée Bruno Armirail
48%
12 Auch Hautacam Montagne Bruno Armirail
48%
Deuxième Semaine / / / Jordan Jegat
48%
8 Saint-Méen-le-Grand Laval Plat Mathieu Burgaudeau
42%
17 Bollène Valence Plat Quentin Pacher
25%
15 Muret Carcassonne Accidentée Michael Storer
24%
7 Saint-Malo Mûr-de-Bretagne Accidentée Ewen Costiou
23%
Super Combatif / / / Ben Healy
20%
20 Nantua Pontarlier Accidentée Harry Sweeny
2%
Aucun quiz correspondant
Distribution des résultats
% des personnes avec chaque résultat
Percentile par nombre de réponses
Votre historique - résultats
Vous n’avez pas pris ce quiz depuis la dernière actualisation